[Event "Ch Europe (active) (w)"]
[Site "masterchessopen.com - Gaziantep (Turkey)"]
[Date "2012.03.15"]
[Round "3"]
[White "Savina Anastasia (RUS)"]
[Black "Zhukova Natalia (UKR)"]
[Result "1-0"]
[WhiteElo "2337"]
[BlackElo "2426"]

1.d4 Nf6 2.c4 e6 3.Nc3 c5 4.d5 exd5 5.cxd5 d6 6.Nf3 g6 7.Nd2 Bg7 8.e4 O-O
9.Be2 Re8 10.O-O Nbd7 11.f4 c4 12.Kh1 Nb6 13.a4 a5 14.Bf3 h5 15.f5 gxf5
16.Bxh5 Re5 17.Nf3 Nxh5 18.Nxe5 Qh4 19.Nf3 Qg4 20.Nb5 fxe4 21.Ng5 Qh4 22.Qe1
Qxe1 23.Rxe1 f5 24.Nc7 Rb8 25.Be3 Nd7 26.g4 fxg4 27.Ba7 Bxb2 28.Rab1 Be5
29.Rxe4 Ndf6 30.Rxc4 Bf5 31.Rf1 Bd3 32.Bxb8 Bxc4 33.Rc1 Bb3 34.Nce6 Bxd5+
35.Kg1 Bc6 36.Ba7 Nf4 37.Rb1 Nxe6 38.Nxe6 Be4 39.Rc1 Bc6 40.Bd4 Bxa4 41.Bxe5
dxe5 42.Ra1 Bd7 43.Nc5 b6 44.Nxd7 Nxd7 45.Rd1 Nc5 46.Rd6 Na4 47.Kf2 Kf7 48.Ke3
Ke7 49.Rg6 b5 50.Rxg4 b4 51.Kd2 Nc5 52.h4 Kf6 53.h5 Ne6 54.h6 Nf8 55.Kc2 a4
56.Rxb4 Kg6 57.Rb6+ Kh7 58.Kd3 Ng6 59.Ke4 a3 60.Ra6 a2 61.Kf5 Nh4+ 62.Kxe5
a1=Q+ 63.Rxa1 Kxh6 64.Kf6 Kh5 65.Rg1 Nf3 66.Rg3 Nd4 67.Re3 Nc2 68.Re4 Na3
69.Re3 Nc4 70.Rd3 Nb6 71.Rd4 Nc8 72.Ke6 Kg6 73.Kd7 Nb6+ 74.Kc7 {#r} 1-0

[Event "Ch Slovakia (juniors) (under 16)"]
[Site "masterchessopen.com - Stara Lubovna (Slovakia)"]
[Date "2012.03.20"]
[Round "5"]
[White "Sosovicka Matej (SVK)"]
[Black "Balogh Peter (SVK)"]
[Result "1-0"]
[WhiteElo "1983"]
[BlackElo "1957"]

1.d4 Nf6 2.c4 c5 3.d5 e6 4.Nc3 exd5 5.cxd5 d6 6.Nf3 g6 7.Nd2 Bg7 8.e4 O-O
9.Be2 Re8 10.O-O Nbd7 11.a4 Ne5 12.Qc2 Bg4 13.f3 Bd7 14.f4 Neg4 15.Nc4 Nh5
16.Bxg4 Bxg4 17.Be3 Bxc3 18.bxc3 Nf6 19.f5 Nxe4 20.fxg6 fxg6 21.Rf4 Bf5 22.g4
Qf6 23.gxf5 Qxc3 24.Qxc3 Nxc3 25.Kf2 Nxd5 26.Rf3 Rad8 27.f6 Rf8 28.Bg5 Rd7
29.Rd1 Nb4 30.Rxd6 Rxd6 31.Nxd6 Nd5 32.f7+ Kg7 33.Ne8+ Kh8 34.Bh6 {#r} 1-0

[Event "Ch Europe"]
[Site "masterchessopen.com - Plovdiv (Bulgaria)"]
[Date "2012.03.23"]
[Round "4"]
[White "Volkov Sergey Viktorovich (RUS)"]
[Black "Indjic Aleksandar (SRB)"]
[Result "1-0"]
[WhiteElo "2633"]
[BlackElo "2427"]

1.d4 Nf6 2.c4 c5 3.d5 e6 4.Nc3 exd5 5.cxd5 d6 6.Nf3 g6 7.Nd2 Bg7 8.e4 O-O
9.Be2 Re8 10.O-O a6 11.a4 Nbd7 12.Qc2 Ne5 13.Ra3 Qe7 14.a5 h6 15.Na4 g5 16.Nb6
Rb8 17.Re1 Ng6 18.Re3 Nd7 19.Nxc8 Rbxc8 20.Bg4 Rc7 21.Bxd7 Qxd7 22.Nc4 Ne5
23.b3 Nxc4 24.bxc4 Be5 25.Bb2 Qe7 26.h3 Qf6 27.Bxe5 Qxe5 28.g3 Rce7 29.Kg2 Qd4
30.Qe2 Kg7 31.h4 Qf6 32.Qg4 Qg6 33.R3e2 Re5 34.h5 Qh7 35.Re3 Kg8 36.Kh2 Qg7
37.Rb1 Qf6 38.Kg2 R5e7 39.Rb6 Qd4 40.Rxd6 Rxe4 41.Rxe4 Qxe4+ 42.Qxe4 Rxe4
43.Rxh6 Rxc4 44.Kf3 Rd4 45.Rd6 c4 46.Ke3 Rd1 47.Ke4 c3 48.Rd8+ Kg7 49.Rc8 Rc1
50.Rc5 Kf6 51.Kd3 Ke7 52.d6+ Kxd6 53.Rxg5 Ke6 54.Rc5 f5 55.Rxc3 Rh1 56.Ke3
Rxh5 57.Kf4 Rh2 58.Rc2 Rh7 59.Rc5 Rd7 60.Rxf5 Rd4+ 61.Kg5 Rb4 62.g4 Ke7 63.f4
b6 64.Rf6 bxa5 65.Rxa6 a4 66.f5 Kf7 67.Ra7+ Ke8 68.f6 Kf8 69.Kf5 {#r} 1-0

[Event "Ch Europe"]
[Site "masterchessopen.com - Plovdiv (Bulgaria)"]
[Date "2012.03.24"]
[Round "5"]
[White "Pavlidis Anastasios (GRE)"]
[Black "Filip Lucian (ROM)"]
[Result "0-1"]
[WhiteElo "2359"]
[BlackElo "2490"]

1.d4 Nf6 2.c4 e6 3.Nf3 c5 4.d5 d6 5.Nc3 exd5 6.cxd5 g6 7.e4 Bg7 8.Be2 O-O
9.O-O Re8 10.Nd2 a6 11.a4 Nbd7 12.Qc2 Ne5 13.f4 Neg4 14.Nc4 Nxe4 15.Nxe4 Bd4+
16.Nf2 Bf5 17.Qd2 Rxe2 18.Qxe2 Qh4 19.h3 Nxf2 20.Rxf2 Bd3 21.Qe1 Bxc4 22.Be3
Re8 23.Rf3 Qe7 24.Kf2 Bxd5 25.Bxd4 Qxe1+ 26.Rxe1 Rxe1 27.Rd3 Bc4 28.Kxe1 Bxd3
29.Bf6 Kf8 30.a5 Ke8 31.g3 Kd7 32.Kf2 Kc6 33.Be7 d5 34.Bd8 d4 35.Bb6 Kd5
36.Bd8 Bf5 37.h4 Bd7 38.Kf3 Bc6 39.Bb6 Kc4+ 40.Kf2 Be4 41.g4 Bc6 42.g5 Ba4
43.Ke2 Kd5 44.Kd2 c4 45.Bc7 Ke4 46.Be5 d3 47.Bd6 Kf3 48.Be5 Kg4 49.Bd6 Kxh4
50.Be5 Kg4 51.Ke3 Kf5 52.Bc3 f6 53.gxf6 Be8 54.Kf3 h5 55.Kg3 Bf7 56.Kf3 Be6
57.Kg3 Bd5 58.Bd2 Kxf6 59.Bc1 Kf5 60.Bd2 Ke4 61.Bc1 Be6 62.Bd2 Bd7 63.Bc1 Bf5
64.Bd2 h4+ {#R} 0-1

[Event "Ch World (schools) (under 15) (g)"]
[Site "masterchessopen.com - Iasi (Romania)"]
[Date "2012.05.04"]
[Round "7"]
[White "Samudin Elina"]
[Black "Cosman Andreea-Marioara"]
[Result "0-1"]
[WhiteElo "1474"]
[BlackElo "1891"]

1.d4 Nf6 2.c4 c5 3.d5 d6 4.Nc3 g6 5.Nf3 Bg7 6.e4 O-O 7.Be2 e6 8.O-O exd5
9.cxd5 Re8 10.Nd2 b6 11.Qc2 Ba6 12.Bxa6 Nxa6 13.a3 Nc7 14.Nc4 b5 15.Na5 Qd7
16.f3 Nh5 17.g4 Nf6 18.Kh1 Rac8 19.Nc6 a6 20.Rg1 Ra8 21.Bf4 Nfxd5 22.Nxd5 Qxc6
23.Nxc7 Qxc7 24.Rad1 Be5 25.Bh6 Qe7 26.Rde1 Qf6 27.Bc1 Qxf3+ 28.Qg2 Qxg2+
29.Rxg2 Bd4 30.Rge2 Re6 31.Kg2 Rae8 32.Kf1 Kf8 33.Bg5 f5 34.exf5 Rxe2 35.Rxe2
Rxe2 36.Kxe2 Bxb2 37.fxg6 hxg6 38.Bf4 Ke7 {#R} 0-1

[Event "Ch Asia (juniors) (under 20)"]
[Site "masterchessopen.com - Tashkent (Uzbekistan)"]
[Round "2"]
[White "Aripov Iskandar (UZB)"]
[Black "Kozganbayev Erken (KAZ)"]
[Result "0-1"]
[WhiteElo "2182"]
[BlackElo "2293"]

1.d4 c5 2.d5 d6 3.c4 g6 4.e4 Bg7 5.Ne2 e6 6.Nec3 exd5 7.cxd5 Nf6 8.Be2 O-O
9.O-O Re8 10.Nd2 Nbd7 11.Qc2 Nb6 12.Bb5 Bd7 13.a4 a6 14.Bxd7 Nfxd7 15.a5 Nc8
16.Nc4 Ne5 17.Nxe5 Bxe5 18.f3 Na7 19.Qb3 Qd7 20.Na4 Qb5 21.Qxb5 axb5 22.Nb6
Rad8 23.Ra2 Nc8 24.Be3 Nxb6 25.axb6 b4 26.b3 Ra8 27.Rxa8 Rxa8 28.f4 Bc3 29.e5
Rd8 30.Rd1 dxe5 31.Bxc5 exf4 32.Be7 Rd7 33.d6 f5 34.Kf2 Kf7 35.Kf3 Bf6 36.Bxf6
Kxf6 37.Kxf4 g5+ 38.Ke3 Ke5 39.Ra1 f4+ 40.Ke2 Rxd6 41.Ra5+ Kd4 42.Kd2 Rxb6
43.Rxg5 Rg6 44.Rb5 Rxg2+ {#R} 0-1

[Event "Tournament (open)"]
[Site "masterchessopen.com - Benidorm (Spain)"]
[Date "2012.06.19"]
[Round "3"]
[White "Rubio Mancebon Pedro Jose (ESP)"]
[Black "Amores Cano Victor"]
[Result "1-0"]
[WhiteElo "1924"]
[BlackElo "1746"]

1.d4 Nf6 2.c4 g6 3.Nc3 Bg7 4.e4 d6 5.Be2 O-O 6.Nf3 c5 7.d5 e6 8.O-O Re8 9.Nd2
exd5 10.cxd5 a6 11.a4 Nbd7 12.Re1 Rb8 13.a5 Qc7 14.f4 Nf8 15.Bf3 N8d7 16.Nc4
b5 17.axb6 Nxb6 18.Na5 Bb7 19.Nxb7 Qxb7 20.e5 Nfd7 21.Ne4 Nc8 22.e6 Nf6 23.Ng5
Rf8 24.exf7+ Rxf7 25.Nxf7 Kxf7 26.Qe2 Ra8 27.Qe6+ Kf8 28.f5 {#r} 1-0

[Event "It (open)"]
[Site "masterchessopen.com - Pardubice (Czech Republic)"]
[Date "2012.07.26"]
[Round "7"]
[White "Lalic Bogdan (ENG)"]
[Black "Savitskiy Sergey (RUS)"]
[Result "1-0"]
[WhiteElo "2495"]
[BlackElo "2367"]

1.d4 Nf6 2.c4 g6 3.Nc3 Bg7 4.e4 d6 5.Nf3 O-O 6.Be2 c5 7.d5 e6 8.O-O exd5
9.cxd5 Re8 10.Nd2 a6 11.a4 Nbd7 12.Qc2 Rb8 13.a5 b5 14.axb6 Nxb6 15.Nb3 Qe7
16.Na5 Bd7 17.Bf3 Rec8 18.Nc6 Bxc6 19.dxc6 Qe5 20.g3 g5 21.Rxa6 Rxc6 22.Rd1 h6
23.Bg2 c4 24.Qe2 Nfd7 25.Be3 Nc5 26.Ra5 Rcc8 27.h4 gxh4 28.Bf4 Qf6 29.Bxd6
Nbd7 30.Bxb8 Rxb8 31.Bh3 hxg3 32.Bxd7 Nd3 33.Bf5 gxf2+ 34.Kf1 Qh4 35.Qf3 Kh8
36.e5 Nxe5 37.Qe4 Qg3 38.Ra8 Nd3 39.Rxb8+ Qxb8 40.Qh4 {#r} 1-0

[Event "Ch Europe (juniors) (under 18)"]
[Site "masterchessopen.com - Prague (Czech Republic)"]
[Date "2012.08.20"]
[Round "4"]
[White "Bizovi Mihai (MDA)"]
[Black "Scott Gordon W (ENG)"]
[Result "1-0"]
[WhiteElo "2044"]
[BlackElo "2026"]

1.d4 Nf6 2.c4 e6 3.Nc3 c5 4.d5 exd5 5.cxd5 d6 6.Nf3 g6 7.e4 Bg7 8.Be2 O-O
9.Nd2 Re8 10.O-O Nbd7 11.a4 Ne5 12.Qc2 g5 13.Re1 g4 14.Nf1 Nh5 15.Ng3 Nxg3
16.hxg3 h5 17.Ra3 h4 18.gxh4 Qxh4 19.Nb5 Qe7 20.Bd2 a6 21.Nc3 Ng6 22.Bf1 Qh4
23.g3 Qh5 24.Bg2 Ne5 25.Ne2 Bf6 26.Nf4 Qh7 27.b4 Kg7 28.bxc5 Nf3+ 29.Rxf3 gxf3
30.Bxf3 Be5 31.Nh5+ Kf8 32.cxd6 f5 33.Bc3 fxe4 34.Rxe4 Bf5 35.d7 Qxd7 36.Bxe5
Rxe5 37.Qc3 Rxe4 38.Qh8+ Ke7 39.Qf6+ Ke8 40.Bxe4 Bxe4 41.Ng7+ Qxg7 42.Qxg7 Rd8
43.Qe5+ {#r} 1-0

[Event "Ch Europe (juniors) (under 16)"]
[Site "masterchessopen.com - Prague (Czech Republic)"]
[Date "2012.08.22"]
[Round "6"]
[White "Korchmar Vasiliy (RUS)"]
[Black "Nuri Murad Kamil Oglu (AZE)"]
[Result "0-1"]
[WhiteElo "2236"]
[BlackElo "2097"]

1.d4 Nf6 2.c4 c5 3.d5 e6 4.Nc3 exd5 5.cxd5 d6 6.e4 g6 7.Nf3 Bg7 8.Be2 O-O
9.Nd2 Re8 10.O-O b6 11.Qc2 Ba6 12.Bxa6 Nxa6 13.a3 Qd7 14.Qd3 Nc7 15.a4 a6
16.Nc4 Rab8 17.Bf4 Nh5 18.Be3 b5 19.axb5 axb5 20.Na5 b4 21.Na4 Nf6 22.Nc6 Rb5
23.f3 Nfxd5 24.exd5 Rxe3 25.Qxe3 Nxd5 26.Qg5 Qxc6 27.Qd8+ Bf8 28.Rfe1 Nc7
29.Qc8 Qb7 30.Qg4 d5 31.b3 Ne6 32.Rad1 Qc6 33.Nb2 Bg7 34.Nd3 h5 35.Qh4 c4
36.Ne5 Bxe5 37.Rxe5 c3 38.Ra1 d4 39.Rxb5 Qxb5 40.Qf6 Qd5 41.Ra7 Nf8 {#R} 0-1

[Event "Ch Serbia (team) (1 liga)"]
[Site "masterchessopen.com - Valjevo (Serbia)"]
[Date "2012.09.26"]
[Round "10"]
[White "Maksimovic Branimir (SRB)"]
[Black "Sredojevic Ivan (SRB)"]
[Result "0-1"]
[WhiteElo "2447"]
[BlackElo "2407"]

1.d4 Nf6 2.c4 c5 3.d5 d6 4.Nc3 g6 5.e4 Bg7 6.Nf3 O-O 7.Be2 e6 8.O-O exd5
9.cxd5 Re8 10.Nd2 a6 11.a4 Nbd7 12.Qc2 Rb8 13.a5 Qc7 14.Kh1 b5 15.axb6 Nxb6
16.Nb3 c4 17.Na5 Bd7 18.f4 Qc5 19.Bf3 h5 20.h3 Nh7 21.g4 hxg4 22.hxg4 Bd4
23.Nc6 Bxc6 24.dxc6 Qxc6 25.Rxa6 Qb7 26.Ra5 Qe7 27.g5 Kg7 28.Kg2 Rh8 29.Qd2
Bc5 30.e5 Nxg5 31.fxg5 Qe6 32.Rxc5 Qh3+ 33.Kg1 dxc5 34.Qg2 Qh4 35.Be3 Nd7
36.Bf2 Qf4 37.Bg3 Qd4+ 38.Bf2 Qf4 39.Qg3 Qxe5 40.Re1 Qxg3+ 41.Bxg3 Rxb2 42.Bg4
Rd8 43.Rd1 f5 44.Bc7 Re8 45.Rxd7+ Kg8 46.Be2 Rexe2 47.Nxe2 Rxe2 48.Rd5 Re4
49.Kf2 Rg4 50.Kf3 Rxg5 51.Kf4 Rg4+ 52.Ke5 Kg7 53.Rd7+ Kh6 54.Kf6 Rd4 55.Rg7
Kh5 56.Rxg6 Rg4 57.Kxf5 Rxg6 58.Ke4 Rg4+ 59.Ke3 Rd4 60.Bb6 c3 61.Ba5 Rc4 {#R}
0-1

[Event "Ch American Continental"]
[Site "masterchessopen.com - Mar del Plata (Argentina)"]
[Date "2012.10.16"]
[Round "6"]
[White "Umetsubo Cesar Hidemitsu (BRA)"]
[Black "Perez Ponsa Federico (ARG)"]
[Result "0-1"]
[WhiteElo "2276"]
[BlackElo "2489"]

1.d4 Nf6 2.Nf3 c5 3.d5 e6 4.c4 d6 5.Nc3 exd5 6.cxd5 g6 7.e4 Bg7 8.Be2 O-O
9.O-O Re8 10.Nd2 Nbd7 11.Qc2 Ne5 12.h3 g5 13.f4 gxf4 14.Nf3 Ng6 15.Bd2 Bd7
16.Rae1 Nh5 17.Bc4 a6 18.a4 Rb8 19.a5 Ng3 20.Rf2 Qxa5 21.e5 Bf5 22.Qb3 b5
23.Nxb5 Qd8 24.e6 axb5 25.Bxb5 fxe6 26.dxe6 d5 27.e7 Rxe7 28.Rxe7 Qxe7
29.Qxd5+ Be6 30.Qc6 Rd8 31.Ng5 Bd5 32.Ba5 Bxc6 {#R} 0-1